00688nam a2200205Ia 4500003000400000008004100004020002700045040000800072100002000080245010100100260002800201300001500229365001200244901002100256902003600277903003900313942001200352952010100364999001700465LDD181029s9999 xx 000 0 und d a9780415381697cP 85.00 cLDD aMatthews, Derek 0aHistory of auditingbthe changing audit process in Britain from the nineteenth ccDerek Matthews aLondonbRoutledgec2006 aviii, 184p bP 85.00 a6225b15-09-2010 a5853b21-02-2011cFdSELECTeIT aDiscount-15bReqst by : N.S. Kapur 2ddccBK 00102ddc4070995159aLDDbLDDl0o657.0941 M432Hp078494r2018-11-01v6226.25w2018-11-01yBK c95160d95160